| Tag |
First Indicator |
Second Indicator |
Subfields |
| LEADER |
00000cam a2200000Mi 4500 |
| 001 |
in00000023216 |
| 005 |
20230724131806.0 |
| 008 |
860315s1976 nyua b 001 0 eng d |
| 010 |
|
|
|a 75032390
|
| 015 |
|
|
|a 771061978
|2 can
|
| 016 |
|
|
|a (AMICUS)000001969107
|
| 016 |
7 |
|
|a 013984772
|2 Uk
|
| 016 |
7 |
|
|a 009230529
|2 Uk
|
| 019 |
|
|
|a 2561005
|
| 020 |
|
|
|a 0824763769
|
| 020 |
|
|
|a 9780824763763
|
| 029 |
1 |
|
|a AU@
|b 000001243681
|
| 029 |
1 |
|
|a AU@
|b 000021690834
|
| 029 |
1 |
|
|a DEBBG
|b BV012902650
|
| 029 |
1 |
|
|a DEBSZ
|b 078479703
|
| 029 |
1 |
|
|a HEBIS
|b 202409325
|
| 029 |
1 |
|
|a NZ1
|b 364064
|
| 029 |
1 |
|
|a NZ1
|b 4860278
|
| 029 |
1 |
|
|a ZWZ
|b 021592713
|
| 029 |
1 |
|
|a NLC
|b 000001969107
|
| 029 |
1 |
|
|a UKMGB
|b 013984772
|
| 029 |
1 |
|
|a UKMGB
|b 009230529
|
| 035 |
|
|
|a (OCoLC)ocm21772346
|
| 035 |
|
|
|a (OCoLC)21772346
|z (OCoLC)2561005
|
| 035 |
|
|
|a (OCoLC)ocm21772346
|
| 040 |
|
|
|a CUY
|b eng
|c CUY
|d VKC
|d MUQ
|d OCLCG
|d DEBBG
|d TULIB
|d BDX
|d YDXCP
|d OCLCQ
|d OCLCA
|d OCLCQ
|d OCLCO
|d OCLCQ
|d CSJ
|d NLC
|d NJR
|d MUX
|d OCLCQ
|d UKMGB
|d OCLCO
|
| 050 |
|
4 |
|a Z668
|b .W4
|
| 082 |
0 |
4 |
|a 020.7
|
| 084 |
|
|
|a AN 54600
|2 rvk
|
| 084 |
|
|
|a AN 91500
|2 rvk
|
| 084 |
|
|
|a cci1icc
|2 lacc
|
| 084 |
|
|
|a coll1
|2 lacc
|
| 100 |
1 |
|
|a Williams, James G.
|
| 245 |
1 |
0 |
|a Simulation activities in library, communication, and information science /
|c James G. Williams ; with the assistance of Elspeth Pope ; edited by Patrick R. Penland.
|
| 260 |
|
|
|a New York :
|b M. Dekker,
|c ©1976.
|
| 300 |
|
|
|a xvi, 246 pages :
|b illustrations ;
|c 24 cm.
|
| 336 |
|
|
|a text
|b txt
|2 rdacontent
|
| 337 |
|
|
|a unmediated
|b n
|2 rdamedia
|
| 338 |
|
|
|a volume
|b nc
|2 rdacarrier
|
| 490 |
1 |
|
|a Communication science and technology ;
|v v. 6
|
| 504 |
|
|
|a Includes bibliographical references and index.
|
| 540 |
|
|
|a Current Copyright Fee: GBP20.00
|c 0.
|5 Uk
|
| 650 |
|
0 |
|a Library education
|x Simulation methods.
|
| 650 |
|
0 |
|a Information science
|x Study and teaching
|x Simulation methods.
|
| 650 |
|
0 |
|a Communication
|x Study and teaching
|x Simulation methods.
|
| 650 |
|
0 |
|a Electronic data processing
|x Study and teaching
|x Simulation methods.
|
| 650 |
|
6 |
|a Informatique
|x Étude et enseignement
|x Méthodes de simulation.
|
| 650 |
|
6 |
|a Sciences de l'information
|x Étude et enseignement
|x Méthodes de simulation.
|
| 700 |
1 |
|
|a Pope, Elspeth,
|d 1926-2013.
|
| 830 |
|
0 |
|a Communication science and technology ;
|v v. 6.
|
| 938 |
|
|
|a Brodart
|b BROD
|n 27656276
|c $24.50
|
| 938 |
|
|
|a YBP Library Services
|b YANK
|n 7791969
|
| 948 |
|
|
|h HELD BY TXA - 166 OTHER HOLDINGS
|
| 994 |
|
|
|a Z0
|b TXA
|
| 999 |
f |
f |
|s 8acaae23-1518-3310-bc9d-8389b84e52ee
|i d773d330-68c8-3b9b-887f-082d82adbddf
|t 0
|
| 952 |
f |
f |
|p ric
|a Texas A&M University
|b Rellis Campus
|c Joint Library Facility
|s JLF
|d Remote Storage
|t 0
|e Z668 .W4
|h Library of Congress classification
|i unmediated -- volume
|m A14805730958
|